000 00233nam a2200097Ia 4500
001 1211371
005 20250827024435.0
008 250824s9999 xx 000 0 und d
245 0 _aKÖPRÜ
_cAYŞE KULİN
260 _bEVEREST YAYINLARI
999 _c1211371
_d1211371